Structure and representations of Jordan algebras /
Guardado en:
| Autor Principal: | |
|---|---|
| Formato: | Libro |
| Idioma: | English |
| Publicado: |
Providence, R.I. :
American Mathematical Society,
1968.
|
| Series: | Colloquium publications (American Mathematical Society) ;
v. 39. |
| Materias: | |
| Etiquetas: |
Agregar Etiqueta
Sin Etiquetas, Sea el primero en etiquetar este registro!
|
| LEADER | 00783cam a2200217 a 4500 | ||
|---|---|---|---|
| 001 | MAT.inmabb004426 | ||
| 008 | 690417s1968####riu######b####001#0#eng## | ||
| 005 | 20130228170925.0 | ||
| 245 | 1 | 0 | |a Structure and representations of Jordan algebras / |c by Nathan Jacobson. |
| 260 | |a Providence, R.I. : |b American Mathematical Society, |c 1968. | ||
| 300 | |a x, 453 p. ; |c 27 cm. | ||
| 490 | 1 | |a American Mathematical Society. Colloquium publication ; |v v. 39 | |
| 504 | |a Bibliografía: p. 443-450. | ||
| 510 | 4 | |a MR, |c 40 #4330 | |
| 100 | 1 | |a Jacobson, Nathan, |d 1910-1999. | |
| 830 | 0 | |a Colloquium publications (American Mathematical Society) ; |v v. 39. | |
| 084 | |a 17.40 |2 MR | ||
| 650 | 0 | |a Jordan algebras. | |
| 010 | |a 68019439 | ||
| 040 | |a DLC |c DLC |d DLC | ||
| 859 | |h 17 |i J17s |p A-4570 |b BIB. MATEMATICA | ||
